The challenges to planning for affordable housing (Record no. 68621)

MARC details
000 -LEADER
fixed length control field 01469cam a2200277 4500
001 - CONTROL NUMBER
control field ABS64713
008 - FIXED-LENGTH DATA ELEMENTS--GENERAL INFORMATION
fixed length control field 011022n2001 000 0 eng u
035 ## - SYSTEM CONTROL NUMBER
System control number (Sirsi) u115231
100 ## - MAIN ENTRY--PERSONAL NAME
Personal name McCarthy, R
245 #4 - TITLE STATEMENT
Title The challenges to planning for affordable housing
260 ## - PUBLICATION, DISTRIBUTION, ETC.
Date of publication, distribution, etc. 2001
490 ## - SERIES STATEMENT
Series statement Axis
Volume/sequential designation 56(4) August/September 2001, 13(1)
520 ## - SUMMARY, ETC.
Summary, etc. Discusses the challenges facing professionals involved in planning for affordable housing, and presents ways of improving the current system. Key problems with the planning system include delays;too much focus on development control; unclear response to PPG3 and housing density; insufficient exploitation of mixed-use development; inconsistent application of affordable housing requirements by local authorities; and no integration of affordable housing investment strategies spatial planning. Suggests that a fundamental review of the planning system is required, with increased resources, clearer guidance and a more proactive approach. Highlights the introduction of Development Tax as one alternative option.
590 ## - LOCAL NOTE (RLIN)
Local note ABS
650 ## - SUBJECT ADDED ENTRY--TOPICAL TERM
Topical term or geographic name entry element MIXED-USE DEVELOPMENTS
650 ## - SUBJECT ADDED ENTRY--TOPICAL TERM
Topical term or geographic name entry element HOUSING DEVELOPMENT
650 ## - SUBJECT ADDED ENTRY--TOPICAL TERM
Topical term or geographic name entry element PLANNING SYSTEM
650 ## - SUBJECT ADDED ENTRY--TOPICAL TERM
Topical term or geographic name entry element SPATIAL PLANNING
650 ## - SUBJECT ADDED ENTRY--TOPICAL TERM
Topical term or geographic name entry element DEVELOPMENT TAX
650 ## - SUBJECT ADDED ENTRY--TOPICAL TERM
Topical term or geographic name entry element HOUSING DENSITY
650 ## - SUBJECT ADDED ENTRY--TOPICAL TERM
Topical term or geographic name entry element PPG3
650 ## - SUBJECT ADDED ENTRY--TOPICAL TERM
Topical term or geographic name entry element DEVELOPMENT CONTROL
650 ## - SUBJECT ADDED ENTRY--TOPICAL TERM
Topical term or geographic name entry element TOWN AND COUNTRY PLANNING ACT 1990 S106
690 ## - LOCAL SUBJECT ADDED ENTRY--TOPICAL TERM (OCLC, RLIN)
Topical term or geographic name as entry element Planning and development
9 (RLIN) 6259
942 ## - ADDED ENTRY ELEMENTS (KOHA)
Suppress in OPAC 0
Holdings
Withdrawn status Lost status Source of classification or shelving scheme Damaged status Not for loan Home library Current library Shelving location Date acquired Total Checkouts Full call number Barcode Date last seen Copy number Price effective from Koha item type
    Dewey Decimal Classification     London London Journal article 22/10/2001   ABS64713 115231-1001 06/08/2019 1 06/08/2019 Journal article